Normal view
MARC view
- Avant-garde (Aesthetics)
Entry Topical Term
001 - CONTROL NUMBER
- control field: 133061
003 - CONTROL NUMBER IDENTIFIER
- control field: NUST
005 - DATE AND TIME OF LATEST TRANSACTION
- control field: 20260203112837.0
008 - FIXED-LENGTH DATA ELEMENTS
- fixed length control field: 260203|| aca||aabn | a|a d
040 ## - CATALOGING SOURCE
- Original cataloging agency: NUST
- Transcribing agency: NUST
150 ## - HEADING--TOPICAL TERM
- Topical term or geographic name entry element: Avant-garde (Aesthetics)
- Geographic subdivision: England
- General subdivision: History
- Chronological subdivision: 20th century
670 ## - SOURCE DATA FOUND
- Source citation: Work cat.: (NUST)353116: Sadler, Simon. 133059, Archigram :, c2005.
